Complete guide to fishing : baitfishing
| Main Author: | |
|---|---|
| Format: | Book |
| Published: |
Sweden :
Mason Creasty Publishers ,
2002
|
| Subjects: |
MARC
| LEADER | 00000cam a2200000 7i4500 | ||
|---|---|---|---|
| 001 | 0000016761 | ||
| 005 | 20080429.0 | ||
| 008 | 080429 | ||
| 020 | |a 1590844947 | ||
| 090 | 0 | 0 | |a 799.122 |b JOH |
| 100 | 1 | |a Johannesson, Per Ola | |
| 245 | 1 | 0 | |a Complete guide to fishing : |b baitfishing |c Per Ola, Johannesson |
| 260 | |a Sweden : |b Mason Creasty Publishers , |c 2002 | ||
| 650 | 0 | |a Fishing |x Baitfishing | |
| 650 | 0 | |a Fishing |x Techniques | |
| 650 | 0 | |a Fishing |x Theory | |
| 999 | |a 0001013924 |b Book |c REFERENCE |e Perbadanan Perpustakaan Awam Johor | ||